| 000 | 00693nam a2200265Ia 4500 | ||
|---|---|---|---|
| 001 | Para_548 | ||
| 003 | CHAP | ||
| 008 | 220125s1984 xx 000 0 und d | ||
| 010 | _a198712 | ||
| 040 | _cCHAP | ||
| 090 | _aPA FOLLETO 3332 | ||
| 110 |
_aBayer de México _910996 |
||
| 245 |
_aManual fitosanitario del cacao / _c por Bayer de México |
||
| 260 |
_aMéxico, D.F. : _b Bayer |
||
| 300 | _a28 p. | ||
| 650 |
_aCacao _x enfermedades _916941 |
||
| 650 |
_aCacao _x plagas _916963 |
||
| 901 | _aPA FOLLETO 3332 | ||
| 902 | _aA | ||
| 905 | _a0000001984 0000000000 00 | ||
| 910 | _a1984 | ||
| 942 | _cPARA | ||
| 942 |
_cPARA _d1 |
||
| 999 |
_c198712 _d198712 |
||